Código Civil y Comercial de la Nación : bibliografía - Tablas comparativas - Guía temática /

Guardado en:
Formato: Seriadas
Idioma:Spanish
Publicado: Ciudad autonoma de Buenos Aires : La Ley, 2015
Materias:
Etiquetas: Agregar Etiqueta
Sin Etiquetas, Sea el primero en etiquetar este registro!
LEADER 00523nas a22001335a 4500
001 DER.der012894
008 180615s2015####|||||#|||||||||###||spa||
005 20260414154802.0
245 1 0 |a Código Civil y Comercial de la Nación :  |b bibliografía - Tablas comparativas - Guía temática /  |c Argentina - Códigos. 
260 |a Ciudad autonoma de Buenos Aires :  |b La Ley,  |c 2015 
300 |a 109 p. 
653 |a CODIGO CIVIL Y COMERCIAL ARGENTINO 
859 |a DERECHO  |b BIB. DERECHO  |h 348  |i ARG  |p 003249 
859 |a DERECHO  |b BIB. DERECHO  |h 348  |i ARG  |p 007767